| 000 | 00743nam a22002057a 4500 | ||
|---|---|---|---|
| 999 |
_c11674 _d11674 |
||
| 008 | 181218b ||||| |||| 00| 0 eng d | ||
| 020 | _a978-1-284-11645-8 | ||
| 082 |
_22018 _aDC 005.82 _bK491 |
||
| 100 |
_aKim, David _933387 |
||
| 245 |
_aFundamentals of information systems security / _cDavid Kim and Michael G. Solomon |
||
| 250 | _aThird Edition | ||
| 260 |
_aBurlington, Massachusetts : _bJones & Bartlett, _c©2018. |
||
| 300 |
_axxii, 548 pages: _billustrations; _c23 cm. |
||
| 500 | _aIncludes appendix, glossary, references, and index. | ||
| 650 |
_aComputer security _933388 |
||
| 650 |
_aInformation resources -- Security measures _933389 |
||
| 700 |
_aSolomon, Michael G. _933390 |
||
| 365 |
_b9,195.00 _cPhp. |
||
| 942 |
_2ddc _cDC |
||